| 000 | 00000cam 2200000zi 4500 |
| 001 | 9.957233 |
| 003 | CaOODSP |
| 005 | 20251110112930 |
| 006 | m o d f |
| 007 | cr |n||||||||| |
| 008 | 251110t20152015oncda obi f|0| 0 fre d |
| 020 | |z9780660975177 |
| 040 | |aCaOODSP|bfre|erda|cCaOODSP |
| 043 | |an-cn--- |
| 086 | 1 |aCH57-4/4-2015F-PDF|zCH57-4/4-2015F |
| 100 | 1 |aDown, Jane, |eauteur. |
| 245 | 10|aCompendium des adhésifs pour la conservation / |crédigé et compilé par Jane L. Down. |
| 264 | 1|aOttawa (Ontario) : |bInstitut canadien de conservation = Canadian Conservation Institute, |c[2015] |
| 264 | 4|c©2015 |
| 300 | |a1 ressource en ligne (xii, 286 pages) : |bgraphiques, illustrations |
| 336 | |atexte|btxt|2rdacontent/fre |
| 337 | |ainformatique|bc|2rdamedia/fre |
| 338 | |aressource en ligne|bcr|2rdacarrier/fre |
| 500 | |aPublié aussi en anglais sous le titre : Adhesive compendium for conservation. |
| 504 | |aComprend des références bibliographiques (pages 233-266) et un index. |
| 650 | 6|aAdhésifs. |
| 650 | 6|aMusées|xMéthodes de conservation|zCanada. |
| 710 | 2 |aInstitut canadien de conservation, |eorganisme de publication. |
| 775 | 08|tAdhesive compendium for conservation / |w(CaOODSP)9.957230 |
| 776 | 0#|tCompendium des adhésifs pour la conservation |w(CaOODSP)9.678215 |
| 856 | 40|qPDF|s30.40 Mo|uhttps://publications.gc.ca/collections/collection_2025/pch/CH57-4-4-2015-fra.pdf |